| 000 | 00406nam a22001457a 4500 | ||
|---|---|---|---|
| 003 | SGT | ||
| 020 | _a9780323417044 | ||
| 082 |
_a617.525 _bP16A |
||
| 100 | _a Antonia Kolokythas | ||
| 245 | _aPediatric Oral and Maxillofacial Pathology | ||
| 260 |
_aPhiladelphia, United States _bElsevier - Health Sciences Division _c2016 |
||
| 300 | _a1-144 | ||
| 650 | _aOral and Maxillofacial Surgery | ||
| 942 |
_2ddc _cBK |
||
| 999 |
_c18327 _d18327 |
||